000 00912nam a2200301 i 4500
001 bg
100 1 _aCAMERON-BANDLER, Leslie
245 1 0 _aKnow how :
_bjak rozwiązać codzienne i niecodzienne problemy /
_cLeslie Cameron-Bandler, Dawid Gordon, Michael Lebeau ; przeł. [z ang.] Danuta Golec.
246 _iTyt. oryg.:
_aKnow how
250 _a[Wyd.3].
260 _aGdańsk :
_bGdańskie Wydaw. Psychologiczne,
_c1995.
300 _a238, [2] s. ;
_c21 cm.
500 _aOryg. : "Know how" 1985.
650 9 _aDecyzje
_xpsychologia
650 9 _aHigiena
650 9 _aSamopoznanie
650 9 _aSamowychowanie
655 _aWydawnictwa popularne
700 1 _aGORDON, Dawid
700 1 _aLEBEAU, Michael
020 _a8385416412
040 _cBPK
041 1 _apl
_hen
080 _a159.9:37.041:613
920 _a83-85416-41-2
942 _cKS
008 s pl f |000 0 pol
999 _c34633
_d34633
856 _uhttp://koha.tu.koszalin.pl/cgi-bin/koha/opac-detail.pl?biblionumber=34633
_yKatalog online BPK